CMOS VLSI design : (Record no. 17782)
[ view plain ]
| 000 -LEADER | |
|---|---|
| fixed length control field | 01129cam a22003254a 4500 |
| 001 - CONTROL NUMBER | |
| control field | 16163502 |
| 005 - DATE AND TIME OF LATEST TRANSACTION | |
| control field | 20131204144520.0 |
| 008 - FIXED-LENGTH DATA ELEMENTS--GENERAL INFORMATION | |
| fixed length control field | 100330t2011 xxua frb 001 0 eng |
| 010 ## - LIBRARY OF CONGRESS CONTROL NUMBER | |
| LC control number | 2010010675 |
| 015 ## - NATIONAL BIBLIOGRAPHY NUMBER | |
| Source | bnb |
| 016 7# - NATIONAL BIBLIOGRAPHIC AGENCY CONTROL NUMBER | |
| Record control number | 015432803 |
| Source | Uk |
| 020 ## - INTERNATIONAL STANDARD BOOK NUMBER | |
| International Standard Book Number | 9780321547743 (alk. paper) |
| 020 ## - INTERNATIONAL STANDARD BOOK NUMBER | |
| International Standard Book Number | 0321547748 (alk. paper) |
| 040 ## - CATALOGING SOURCE | |
| Original cataloging agency | DLC |
| Transcribing agency | DLC |
| Modifying agency | YDX |
| -- | BTCTA |
| -- | YDXCP |
| -- | UKM |
| -- | C#P |
| -- | BWX |
| -- | DLC |
| 050 00 - LIBRARY OF CONGRESS CALL NUMBER | |
| Classification number | TK7874 |
| Item number | .W45 2011 |
| 082 04 - DEWEY DECIMAL CLASSIFICATION NUMBER | |
| Classification number | 621.395 |
| Edition number | 22 |
| Item number | WES |
| 100 1# - MAIN ENTRY--PERSONAL NAME | |
| Personal name | Weste, Neil H. E. |
| 9 (RLIN) | 9165 |
| 245 10 - TITLE STATEMENT | |
| Title | CMOS VLSI design : |
| Remainder of title | a circuits and systems perspective / |
| Statement of responsibility, etc | Neil H.E. Weste, David Money Harris. |
| 250 ## - EDITION STATEMENT | |
| Edition statement | 4th ed. |
| 260 ## - PUBLICATION, DISTRIBUTION, ETC. (IMPRINT) | |
| Place of publication, distribution, etc | Boston, United States : |
| Name of publisher, distributor, etc | Addison Wesley, |
| Date of publication, distribution, etc | c.2011. |
| 300 ## - PHYSICAL DESCRIPTION | |
| Extent | xxv, 383 p. : |
| Other physical details | ill. col. ; |
| Dimensions | 26 cm. |
| 500 ## - GENERAL NOTE | |
| General note | Includes index. |
| 504 ## - BIBLIOGRAPHY, ETC. NOTE | |
| Bibliography, etc | Bibliography : p. 785-816. |
| 650 #0 - SUBJECT ADDED ENTRY--TOPICAL TERM | |
| Topical term or geographic name as entry element | Integrated circuits |
| General subdivision | Very large scale integration |
| -- | Design and construction. |
| 9 (RLIN) | 34538 |
| 650 #0 - SUBJECT ADDED ENTRY--TOPICAL TERM | |
| Topical term or geographic name as entry element | Metal oxide semiconductors, Complementary. |
| 9 (RLIN) | 34539 |
| 653 ## - INDEX TERM--UNCONTROLLED | |
| Resource For college | |
| Arrived date list | December2013 |
| 655 ## - INDEX TERM--GENRE/FORM | |
| Form subdivision | |
| -- | 33728 |
| 700 1# - ADDED ENTRY--PERSONAL NAME | |
| Personal name | Harris, David Money. |
| 9 (RLIN) | 34540 |
| 942 ## - ADDED ENTRY ELEMENTS (KOHA) | |
| Source of classification or shelving scheme | Dewey Decimal Classification |
| Item type | Book - Borrowing |
| Call number prefix | 621.395 WES |
| Withdrawn status | Item status | Source of classification or shelving scheme | Damaged status | Not for loan | Vendor | Home library | Current library | Shelving location | Date acquired | Source of acquisition | Total Checkouts | Full call number | Barcode | Date last seen | Koha item type |
|---|---|---|---|---|---|---|---|---|---|---|---|---|---|---|---|
| Dewey Decimal Classification | Baccah | Central Library | Central Library | First floor | 04/12/2013 | 621.395 WES | 000029683 | 15/07/2025 | NB - Book (Non borrowing) |